| 000 | 01437nam a2200277Ia 4500 | ||
|---|---|---|---|
| 999 |
_c39866 _d39866 |
||
| 001 | 6471 | ||
| 003 | GE_BSU | ||
| 005 | 20191115162349.0 | ||
| 008 | 181216s2006||||ge |||||||||||||| ||geo|| | ||
| 020 | _a9994090704 | ||
| 040 | _cGE_BSU | ||
| 041 | _ageo | ||
| 080 | _a616.31(075.8) ბ-15 | ||
| 100 |
_aკოლესოვი, ა.ა. _95369 |
||
| 245 |
_aბავშვთა ასაკის სტომატოლოგია / _cა.ა. კოლესოვი ; მთარგმნ.: თენგიზ ბინიაშვილი, ნანა მოროზი, თამარ საბაშვილი ; რედ. ირინე გარაყანიძე. |
||
| 250 | _aმე-3 გადამუშ. გამოცემა | ||
| 264 |
_aთბილისი : _bმთაწმინდელი, _c2006. |
||
| 300 |
_a428 გვ.: _bსურ. ; _c22 სმ. |
||
| 490 | _aსასწავლო ლიტერატურა | ||
| 653 | _aსტომატოლოგია | ||
| 700 |
_aბინიაშვილი, თენგიზ _eმთარგმნელი _95370 |
||
| 700 |
_a მოროზი, ნანა _eმთარგმნელი _95371 |
||
| 700 |
_a საბაშვილი, თამარ _eმთარგმნელი _95372 |
||
| 700 |
_aგარაყანიძე, ირინე _eრედაქტორი _95373 |
||
| 942 |
_cBK _2udc |
||